00299nam a22001097a 4500008004100000020001500041050002100056100002200077245003100099260003600130300002300166160704b xxu||||| |||| 00| 0 eng d a0940385236 aDT 305 .N34 2008 aNangoli M.d2008. aUntil elections do us part aAfrica:bA .H Publisher,c2008. avi, 180 p.:c21cm.